La discographie de Nct 127 - Statistiques

Statistiques générales
  • Ce quiz a été pris 55 fois
  • Le résultat moyen est 49 sur 132
Statistiques - réponses
Réponse % Correct
Cherry Bomb
97%
Kick It
97%
Sticker
88%
Walk
88%
Fire Truck
85%
Regular
85%
Superhuman
85%
2 Baddies
79%
Fact Check
76%
Favorite (Vampire)
73%
Lemonade
73%
Limitless
67%
Touch
67%
1, 2, 7 (Time Stops)
64%
Ay-Yo
64%
Highway To Heaven
64%
Punch
64%
Whiplash
64%
Chain
61%
Gimme Gimme
61%
Mad Dog
61%
Baby Don't Like It
55%
Back 2 U
55%
Faster
55%
Simon Says
55%
Summer 127
55%
Angel
52%
Sit Down !
52%
Wakey-Wakey
52%
0 Mile
48%
Gas
48%
Let's Shut Up & Dance
48%
Love On The Floor
48%
Elevator (127F)
45%
My Van
45%
Designer
42%
Lips
42%
Mad City
42%
Save
42%
Sun & Moon
42%
Earthquake
36%
Je Ne Sais Quoi
36%
No Longer
36%
Orange Seoul
36%
Rain Drop
36%
So Am I
36%
Time Lapse
36%
Angel Eyes
33%
Breakfast
33%
Bring The Noise
33%
City 127
33%
Dj
33%
Fool
33%
Kitchen Beat
33%
Lipstick
33%
Love Me Now
33%
Misty
33%
Paper Plane
33%
Pilot
33%
Pricey
33%
Skyscraper
33%
The Rainy Night
33%
Be There For Me
30%
Boom
30%
Far
30%
Fly Away With Me
30%
Gold Dust
30%
Lol (Laugh-Out-Loud)
30%
Love Is A Beauty
30%
Love Song
30%
Magic Carpet Ride
30%
Meaning Of Love
30%
Parade
30%
Paradise
30%
Tasty
30%
Vitamin
30%
Welcome To My Playground
30%
Can't Help Myself
27%
Colors
27%
Come Back
27%
Focus
27%
Heartbreaker
27%
Interlude : Regular To Irregular
27%
Intro : Wall To Wall
27%
Jet Lag
27%
No Clue
27%
Pandora's Box
27%
Wake Up
27%
White Night
27%
Black Clouds
24%
Chica Bom Bom
24%
Crash Landing
24%
Dreamer
24%
Dreams Come True
24%
Good Thing
24%
Knock On
24%
Not Alone
24%
Playback
24%
Promise You
24%
Replay
24%
Right Now
24%
Road Trip
24%
Switch
24%
Time Capsule
24%
Yacht
24%
Amino Acid
21%
Another World
21%
End To Start
21%
First Love
21%
Interlude : Neo Zone
21%
Non Stop
21%
Real Life
21%
Run Back 2 U
21%
Running 2 U
21%
Space
21%
Day Dream
18%
Home Alone
18%
Music, Dance
18%
Once Again
18%
Suddenly
18%
100
15%
Dreaming
15%
Sunny Road
15%
White Lie
15%
Blow My Mind
12%
Freeze
12%
Make Your Day
12%
Long Slow Distance
9%
Prelude
9%
What We Talkin' Bout
9%
Outro : We Are 127
6%
Aucun quiz correspondant
Distribution des résultats
% des personnes avec chaque résultat
Percentile par nombre de réponses
Votre historique - résultats
Vous n’avez pas pris ce quiz